=LDR 00000nam 2200000 4500 =001 INLIS000000000026814 =005 20130612125233 =008 ***********************************ind** =035 ##$$a0010-061300000026814 =041 ##$$a ind =082 ##$$a 656.07 =090 ##$$a 656.07, TIK m =100 ##$$a Tika, Moh. Pabundu =245 ##$$a Metodologi riset bisnis, H. Moh. Pabundu Tika =260 ##$$a 2006 $b Jakarta =300 ##$$a xv, 113 hlm., 22 cm =650 ##$$a Bisnis =650 ##$$a Metodologi Penelitian =850 ##$$a NBPNMAT =990 ##$$a 21195251/BPAP-NTB/2014